ბათუმის შოთა რუსთაველის სახელმწიფო უნივერსიტეტის ბიბლიოთეკა

ჩანაწერი Personal Name

ჩანაწერთა რაოდენობა, რომელიც გამოყენებულია: 1

001 - CONTROL NUMBER

  • control field: 27038

003 - CONTROL NUMBER IDENTIFIER

  • control field: GE_BSU

005 - DATE AND TIME OF LATEST TRANSACTION

  • control field: 20260302175620.0

008 - FIXED-LENGTH DATA ELEMENTS

  • fixed length control field: 260302|| aca||aabn | a|a d

040 ## - CATALOGING SOURCE

  • Original cataloging agency: GE_BSU
  • Transcribing agency: GE_BSU

100 ## - HEADING--PERSONAL NAME

  • Personal name: Muroji, R.
  • Relator term: მთარგგმნელი

670 ## - SOURCE DATA FOUND

  • Source citation: Work cat.: (GE_BSU): Sasakawa, Yohei 27037, No Matter Where the Journey Takes Me: